| 000 | 00360nam a22001577a 4500 | ||
|---|---|---|---|
| 003 | CEME | ||
| 005 | 20210628205801.0 | ||
| 008 | 210316b xxu||||| |||| 00| 0 eng d | ||
| 040 | _c. | ||
| 082 | _a891.4393 BUT | ||
| 100 |
_aMuhammad Younis But _977021 |
||
| 245 | _aKala bazian | ||
| 260 |
_aPDF _bALRAZAQ _c1998 |
||
| 650 |
_aURDU _98803 |
||
| 942 |
_cBK _2ddc |
||
| 999 |
_c582339 _d582339 |
||